Nalaganje...
GUIDE TO POST - CRANIAL BONES OF EAST AFRICAN ANIMALS
| Glavni avtor: | |
|---|---|
| Format: | Printed Book |
| Izdano: |
HYLOCHOERUS PRESS
1985
|
| Teme: |
| LEADER | 00655nam a2200229 4500 | ||
|---|---|---|---|
| 020 | |c 0.0 | ||
| 082 | |a 591.1852 WAL | ||
| 100 | |a WALKER, RIKKI | ||
| 245 | |a GUIDE TO POST - CRANIAL BONES OF EAST AFRICAN ANIMALS |h ENGLISH | ||
| 250 | |||
| 260 | |b HYLOCHOERUS PRESS |c 1985 | ||
| 300 | |||
| 500 | |a | ||
| 501 | |a Reference | ||
| 538 | |||
| 590 | |||
| 630 | |||
| 650 | |a GUIDE TO POST - CRANIAL BONES OF EAST AFRICAN ANIMALS | ||
| 700 | |||
| 942 | |c REF | ||
| 999 | |c 179804 |d 179804 | ||
| 952 | |0 0 |1 0 |4 0 |6 591_185200000000000_WAL |7 0 |9 193167 |a AGY |b AGY |g 0.00 |l 0 |o 591.1852 WAL |p AGY4013 |r 2019-10-25 |w 2019-10-25 |y REF | ||